Nurses' handbook of health assessment. / (Record no. 5949)

MARC details
000 -LEADER
fixed length control field 02592pam a2200325 a 4500
001 - CONTROL NUMBER
control field 617779
003 - CONTROL NUMBER IDENTIFIER
control field OSt
005 - DATE AND TIME OF LATEST TRANSACTION
control field 20210414114517.0
008 - FIXED-LENGTH DATA ELEMENTS--GENERAL INFORMATION
fixed length control field 920819s1993 paua bf 001 0 eng c
010 ## - LIBRARY OF CONGRESS CONTROL NUMBER
LC control number 92049348
020 ## - INTERNATIONAL STANDARD BOOK NUMBER
International Standard Book Number 0397549385
040 ## - CATALOGING SOURCE
Original cataloging agency DNLM/DLC
Transcribing agency DLC
Modifying agency DLC
050 00 - LIBRARY OF CONGRESS CALL NUMBER
Classification number RT48.N863
060 ## - NATIONAL LIBRARY OF MEDICINE CALL NUMBER
Classification number WY 39 N9736
082 00 - DEWEY DECIMAL CLASSIFICATION NUMBER
Classification number 610.73
Edition number 20
245 00 - TITLE STATEMENT
Title Nurses' handbook of health assessment. /
Statement of responsibility, etc. [edited by] Janet Weber.
250 ## - EDITION STATEMENT
Edition statement 2nd ed.
260 ## - PUBLICATION, DISTRIBUTION, ETC.
Place of publication, distribution, etc. Philadelphia :
Name of publisher, distributor, etc. J. B. Lippincott Company,
Date of publication, distribution, etc. c1993.
300 ## - PHYSICAL DESCRIPTION
Extent xv, 457 p. :
Other physical details ill. (some col.) ;
Dimensions 19 cm.
500 ## - GENERAL NOTE
General note Includes bibliographical references (p. 440-442) and index.
505 ## - FORMATTED CONTENTS NOTE
Formatted contents note Contents: The Nursing health history: Definition and purpose -- Nursing model versus medical model -- Guidelines for obtaining a nursing health history -- Components of the nursing health history: Client profile -- Developmental history -- Health perception-health management pattern -- Nutritional-metabolic pattern -- Elimination pattern -- Activity-exercise pattern -- Sexuality-reproduction pattern -- Sleep-rest pattern -- Sensory-perceptual pattern -- Cognitive pattern -- Role-relationship pattern -- Self-perception-self-concept pattern -- Coping-stress tolerance pattern -- Value-belief pattern -- Physical assessment -- General physical survey -- Skin, hair, and nail assessment -- Head, neck, and cervical lymph node assessment -- Mouth, oropharynx, nose, and sinus assessment: Mouth and oropharynx assessment -- Nose and sinus assessment -- Eye assessment --Ear assessment -- Thoracic and lung assessment -- Cardiac assessment -- Peripheral vascular assessment -- Breast assessment -- Abdominal assessment -- Genitourinary-reproductive assessment: Assessment of inguinal area -- Assessment of external rectal area -- Assessment of female genitalia -- Assessment of male genitalia -- Musculoskeletal assessment -- Neurological assessment: Mental status assessment -- Cranial nerve assessment -- Sensory nerve assessment -- Motor assessment -- Cerebellar assessment -- Reflex assessment -- Maternal physical assessment: Prenatal maternal assessment -- Prenatal fetal assessment -- Intrapartal maternal assessment -- Postpartal maternal assessment -- Nutritional assessment.
650 #0 - SUBJECT ADDED ENTRY--TOPICAL TERM
Topical term or geographic name entry element Nursing assessment
Form subdivision Handbooks, manuals, etc.
650 #2 - SUBJECT ADDED ENTRY--TOPICAL TERM
Topical term or geographic name entry element Nursing Assessment
General subdivision handbooks.
650 #2 - SUBJECT ADDED ENTRY--TOPICAL TERM
Topical term or geographic name entry element Physical Examination
General subdivision handbooks.
700 1# - ADDED ENTRY--PERSONAL NAME
Personal name Weber, Janet.
740 0# - ADDED ENTRY--UNCONTROLLED RELATED/ANALYTICAL TITLE
Uncontrolled related/analytical title Health assessment.
906 ## - LOCAL DATA ELEMENT F, LDF (RLIN)
a 7
b cbc
c orignew
d 1
e ocip
f 19
g y-gencatlg
942 ## - ADDED ENTRY ELEMENTS (KOHA)
Source of classification or shelving scheme Library of Congress Classification
Koha item type Books
Holdings
Withdrawn status Lost status Source of classification or shelving scheme Damaged status Not for loan Home library Current library Shelving location Date acquired Total Checkouts Full call number Barcode Date last seen Price effective from Koha item type
    Library of Congress Classification     WISCONSIN INTERNATIONAL UNIVERSITY COLLEGE, GHANA - MAIN LIBRARY WISCONSIN INTERNATIONAL UNIVERSITY COLLEGE, GHANA - MAIN LIBRARY nursing 05/07/2016   RT48.N863 NURS/014/16 05/07/2016 05/07/2016 Books

If you have any concerns or questions; kindly contact the library


© Powered by WIUC ICT DIRECTORATE